00738na a2200193 450000100060000000300080000600500170001400800410003104000250007204100080009708200220010524501300012726000600025730000310031765000420034865000550039065000530044571000460049818131MIRAKIL20181213154855.0161111b tu 000 0  aMilasbturcTR-AnCHP atur a070.195bT34 2008 aTelevizyonlardaki spor programlarını izleme eğilimleri kamuoyu araştırmasıcRadyo ve Televizyon Üst Kurulu (RTÜK) aAnkarabRadyo ve Televizyon Üst Kurulu (RTÜK)c2008 a148 s.btbl.; grf.c30 sm. aTelevizyonxKamuoyu araştırmaları aTelevizyonxSpor programlarıyİzlenme oranları aYayın organlarıxTelevizyonySpor programları aRadyo ve Televizyon Üst Kurulu (RTÜK)